Best Picture Sudden Death - Statistics

General Stats
  • This quiz has been taken 84 times
  • The average score is 21 of 97
Answers on the Grid
Answers color-coded by a green-red scale on the quiz's grid according to % correct below.
12 Angry Men
12 Years a Slave
A Beautiful Mind
A Few Good Men
A Man for All Seasons
A Midsummer Night's Dream
A Star is Born
A Streetcar Named Desire
A Tale of Two Cities
All About Eve
All Quiet on the Western Front (1930)
All the King's Men
All the President's Men
Alvin and the Chipmunks: Chipwrecked
Amadeus
American Beauty
American Graffiti
An American in Paris
Anatomy of a Murder
Annie Hall
Anora
Apocalypse Now
Argo
Around the World in 80 Days
Avatar
Barbie
Barry Lyndon
Ben-Hur
Birdman
Braveheart
Butch Cassidy and the Sundance Kid
Cabaret
Call Me by Your Name
Casablanca
Cat on a Hot Tin Roof
Cavalcade
Chariots of Fire
Chicago
Chinatown
Cimarron
CODA
Coming Home
Crash
Dallas Buyers Club
Dances with Wolves
Dead Poets Society
Doctor Zhivago
Double Indemnity
Dr. Strangelove
Driving Miss Daisy
Dude, Where's My Car?
Elmer Gantry
Emilia Perez
Erin Brockovich
Event Horizon
Everything Everywhere All at Once
Fargo
Fiddler on the Roof
For Whom the Bells Toll
Forrest Gump
From Here to Eternity
Gandhi
Gentleman's Agreement
Gigi
Gladiator
Going My Way
Gone with the Wind
Good Will Hunting
Goodfellas
Grand Hotel
Grand Illusion
Green Book
Halloweentown II: Kalabar's Revenge
Hamlet
Hannah and Her Sisters
High Noon
How Green Was My Valley
Imitation of Life
In the Heat of the Night
It Happened One Night
It's a Wonderful Life
Kramer vs. Kramer
La La Land
Lawrence of Arabia
Life of Pi
Lilies of the Field
Little Miss Sunshine
Little Women
Lost in Translation
Love Story
Marriage Story
Marty
Midnight Cowboy
Mildred Pierce
Milk
Million Dollar Baby
Miracle on 34th Street
Mississippi Burning
Moonlight
Moonstruck
Mr. Smith Goes to Washington
Mrs. Miniver
Munich
Mutiny on the Bounty
My Fair Lady
No Country for Old Men
Nomadland
Oliver!
On the Waterfront
One Flew Over the Cuckoo's Nest
Oppenheimer
Ordinary People
Out of Africa
Parasite
Patton
Picnic
Platoon
Police Academy 3: Back in Training
Quiz Show
Raging Bull
Rain Man
Rebecca
Reds
Rocky
Roma
Roman Holiday
Romeo and Juliet
Saving Private Ryan
Schindler's List
Seargant York
Sense and Sensibility
Seven Brides for Seven Brothers
Shakespeare in Love
Sideways
Slumdog Millionaire
Spotlight
Sunset Boulevard
Tender Mercies
Terms of Endearment
The Apartment
The Artist
The Banshees of Inisherin
The Best Years of Our Lives
The Big House
The Bridge on the River Kwai
The Broadway Melody
The Brutalist
The Champ
The Color Purple
The Deer Hunter
The Departed
The Descendants
The English Patient
The Father
The French Connection
The Front Page
The Godfather
The Godfather Part II
The Graduate
The Grapes of Wrath
The Great Ziegfeld
The Greatest Show on Earth
The Heiress
The Hurt Locker
The Hustler
The Insider
The Killing Fields
The King and I
The King's Speech
The Last Emperor
The Life of Emilia Zola
The Lord of the Rings: The Fellowship of the Ring
The Lord of the Rings: The Return of the King
The Lost Weekend
The Patriot
The Pianist
The Piano
The Power of the Dog
The Prince of Tides
The Racket
The Revenant
The Shape of Water
The Silence of the Lambs
The Social Network
The Sound of Music
The Sting
The Theory of Everything
The Treasure of Sierra Madre
The Turning Point
The Verdict
There Will Be Blood
Titanic
To Kill a Mockingbird
Tom Jones
Unforgiven
West Side Story
Who's Afraid of Virginia Woolf?
Wings
Yankee Doodle Dandy
You Can't Take it With You
 
Answer Stats
Answer % Correct
12 Years a Slave
55%
A Beautiful Mind
55%
American Beauty
50%
Argo
50%
Amadeus
45%
Ben-Hur
39%
Birdman
39%
All About Eve
37%
A Man for All Seasons
37%
Annie Hall
37%
Anora
37%
Braveheart
37%
Casablanca
34%
Chicago
34%
CODA
34%
All Quiet on the Western Front (1930)
32%
Chariots of Fire
32%
Crash
32%
Forrest Gump
32%
Dances with Wolves
29%
Driving Miss Daisy
29%
Gladiator
29%
Gone with the Wind
29%
An American in Paris
26%
Everything Everywhere All at Once
26%
Gandhi
26%
All the King's Men
24%
Gigi
24%
Kramer vs. Kramer
24%
Around the World in 80 Days
21%
In the Heat of the Night
21%
My Fair Lady
21%
No Country for Old Men
21%
Oliver!
21%
Rain Man
21%
Titanic
21%
West Side Story
21%
Cavalcade
18%
Gentleman's Agreement
18%
Grand Hotel
18%
Green Book
18%
Hamlet
18%
It Happened One Night
18%
Lawrence of Arabia
18%
Million Dollar Baby
18%
Moonlight
18%
Nomadland
18%
One Flew Over the Cuckoo's Nest
18%
On the Waterfront
18%
Oppenheimer
18%
Out of Africa
18%
Rocky
18%
Schindler's List
18%
Terms of Endearment
18%
The Deer Hunter
18%
The Godfather
18%
The Godfather Part II
18%
The Greatest Show on Earth
18%
The King's Speech
18%
The Sound of Music
18%
Cimarron
16%
From Here to Eternity
16%
Going My Way
16%
Marty
16%
Midnight Cowboy
16%
Mrs. Miniver
16%
Mutiny on the Bounty
16%
Ordinary People
16%
Parasite
16%
Patton
16%
Platoon
16%
Rebecca
16%
Shakespeare in Love
16%
The Apartment
16%
The Artist
16%
The Bridge on the River Kwai
16%
The Hurt Locker
16%
The Last Emperor
16%
The Lord of the Rings: The Return of the King
16%
The Shape of Water
16%
The Silence of the Lambs
16%
Wings
16%
How Green Was My Valley
13%
Slumdog Millionaire
13%
Spotlight
13%
The Broadway Melody
13%
The Departed
13%
The English Patient
13%
The French Connection
13%
The Great Ziegfeld
13%
Tom Jones
13%
The Life of Emilia Zola
11%
The Sting
11%
Unforgiven
11%
You Can't Take it With You
11%
The Best Years of Our Lives
8%
The Lost Weekend
5%
No matching quizzes found
Score Distribution
Percent of People with Each Score
Percentile by Number Answered
Your Score History
You have not taken this quiz